000 00756cab a2200253 4500
001 ABS52029
008 090401t1995 xxu||||| |||| 00| 0 eng d
035 _a(Sirsi) u55419
041 _aeng
100 _aBolton, A.
245 _aCritical list
260 _c1995
350 _a0
490 _aNew Builder
_v(241) 13 January 1995, 22-23(2)
520 _aExamines the curent spate of major construction projects in the health service resulting from the Private Finance Initiative following a slow start.
650 _aCONSTRUCTION MARKET
650 _aHEALTH SECTOR
650 _aHOSPITALS
650 _aNATIONAL HEALTH SERVICE
650 _aPRIVATE FINANCE INITIATIVE
690 _aBUILT ENVIRONMENT
942 _n0
948 _c04/03/1997
999 _c33855
_d33855